Kariera trenerska Piotra Stokowca. - Statystyki

Ogólne statystyki
  • Ten quiz został rozwiązany 41 razy
  • Średni wynik to 3 z 6
Statystyki odpowiedzi
Lata Drużyna % Poprawnych
2018-teraz Lechia Gdańsk
95%
2014-2017 Zagłębie Lubin
82%
2012-2013 Polonia Warszawa
53%
2013-2014 Jagiellonia Białystok
42%
2011-2012 Polonia Warszawa II
11%
2006-2007 Wigry Suwałki
11%
Nie znaleziono quizów pasujących do podanych kryteriów
Rozkład punktacji
Procent ludzi z każdym wynikiem
Percentyl według liczby udzielonych odpowiedzi
Twoja historia wyników
Nie rozwiązałeś tego quizu